बंटवारा / (Record no. 14231)
[ view plain ]
| 000 -LEADER | |
|---|---|
| fixed length control field | 01322nam a22002777a 4500 |
| 005 - DATE AND TIME OF LATEST TRANSACTION | |
| control field | 20230609155001.0 |
| 008 - FIXED-LENGTH DATA ELEMENTS--GENERAL INFORMATION | |
| fixed length control field | 080707t xxu||||| |||| 00| f hin d |
| 010 ## - LCCN (DPL NO) | |
| LC control number | HIN-83746 B-297619-625 HIn-125212 HIN-125267 |
| 020 ## - INTERNATIONAL STANDARD BOOK NUMBER | |
| Terms of availability | 150.00 |
| International Standard Book Number | 8190388010 |
| 035 ## - SYSTEM CONTROL NUMBER | |
| System control number | HN-56092 HN-97558 HN-97613 |
| 035 ## - SYSTEM CONTROL NUMBER | |
| System control number | B-297619-625 |
| 037 ## - SOURCE OF ACQUISITION | |
| Source of stock number/acquisition | DBAD / PUB |
| 037 ## - SOURCE OF ACQUISITION | |
| Source of stock number/acquisition | विज्ञान भारती |
| 040 ## - CATALOGING SOURCE | |
| Original cataloging agency | DPL |
| Language of cataloging | HN |
| 082 ## - DEWEY DECIMAL CLASSIFICATION NUMBER | |
| Classification number | उ |
| 100 ## - MAIN ENTRY--PERSONAL NAME | |
| Personal name | अब्दुल्ला हुसैन |
| 245 ## - TITLE STATEMENT | |
| Title | बंटवारा / |
| Statement of responsibility, etc | अब्दुला हुसैन; मुशर्रफ आलम ज़ौक़ी द्वारा संपादित |
| 246 ## - VARYING FORM OF TITLE | |
| Title proper/short title | Batwara |
| Remainder of title | by Abdulla Husain; edited by Mushruff Aalam Jauki |
| 260 ## - PUBLICATION, DISTRIBUTION, ETC. (IMPRINT) | |
| Place of publication, distribution, etc | गाजियाबाद |
| Name of publisher, distributor, etc | विज्ञान भारती |
| Date of publication, distribution, etc | 2006 |
| 270 ## - ADDRESS | |
| Address | बी-78, सूर्यनगर |
| City | गाजियाबाद (उ.प्र.) |
| 300 ## - PHYSICAL DESCRIPTION | |
| Extent | 136पृ |
| Dimensions | 22सेमी(सजिल्द) |
| 650 ## - SUBJECT ADDED ENTRY--TOPICAL TERM | |
| Topical term or geographic name as entry element | Hindi Novels |
| 700 ## - ADDED ENTRY--PERSONAL NAME | |
| Personal name | मुशर्रफ़ आलम ज़ौक़ी |
| 942 ## - ADDED ENTRY ELEMENTS (KOHA) | |
| Source of classification or shelving scheme | Dewey Decimal Classification |
| Item type | Hindi Books |
| Classification part | उ |
| Call number suffix | अब्दुल्ला |
| Withdrawn status | Lost status | Source of classification or shelving scheme | Damaged status | Not for loan | Collection code | Home library | Current library | Date acquired | Source of acquisition | Cost, normal purchase price | Total Checkouts | Full call number | Barcode | Date last seen | Cost, replacement price | Koha item type | Copy number | Total Renewals |
|---|---|---|---|---|---|---|---|---|---|---|---|---|---|---|---|---|---|---|
| Dewey Decimal Classification | Fiction | Central Library | Central Library | 21/05/2009 | विज्ञान भारती/228/22.9.08/447/4.9.08/1.10.08 | 3 | उ अब्दुल्ला | B-297619 | 17/02/2018 | 150.00 | Hindi Books | 1 | ||||||
| Dewey Decimal Classification | Not For Loan | Non-fiction | D.B.Act.Division | D.B.Act.Division | 07/07/2008 | पु.प्र.अ.प्र /प्रका | 150.00 | उ अब्दुल्ला | HN-56092 | 15/09/2008 | 150.00 | Hindi Books | ||||||
| Dewey Decimal Classification | Not For Loan | Fiction | D.B.Act.Division | D.B.Act.Division | 09/06/2023 | DBAD/PUB | 350.00 | उ अब्दुल्ला | HN-97613 | 09/06/2023 | Hindi Books | 1 | ||||||
| Dewey Decimal Classification | Fiction | Karol Bagh | Karol Bagh | 21/05/2009 | विज्ञान भारती/228/22.9.08/447/4.9.08/1.10.08 | उ अब्दुल्ला | B-297624 | 21/05/2009 | 150.00 | Hindi Books | 1 | |||||||
| Dewey Decimal Classification | Fiction | Mobile Library | Mobile Library | 21/05/2009 | विज्ञान भारती/228/22.9.08/447/4.9.08/1.10.08 | उ अब्दुल्ला | B-297620 | 21/05/2009 | 150.00 | Hindi Books | 2 | |||||||
| Dewey Decimal Classification | Fiction | Mobile Library | Mobile Library | 21/05/2009 | विज्ञान भारती/228/22.9.08/447/4.9.08/1.10.08 | उ अब्दुल्ला | B-297621 | 21/05/2009 | 150.00 | Hindi Books | 2 | |||||||
| Dewey Decimal Classification | Fiction | Narela | Narela | 25/05/2023 | DBAD/PUB | 350.00 | उ अब्दुल्ला | HN-97558 | 25/05/2023 | 350.00 | Hindi Books | 1 | ||||||
| Lost and Paid For | Dewey Decimal Classification | Fiction | Patel Nagar | Patel Nagar | 21/05/2009 | विज्ञान भारती/228/22.9.08/447/4.9.08/1.10.08 | उ अब्दुल्ला | B-297622 | 13/05/2017 | 150.00 | Hindi Books | 1 | ||||||
| Dewey Decimal Classification | Fiction | Peshwa Road | Peshwa Road | 21/05/2009 | विज्ञान भारती/228/22.9.08/447/4.9.08/1.10.08 | उ अब्दुल्ला | B-297623 | 21/05/2009 | 150.00 | Hindi Books | 1 | |||||||
| Dewey Decimal Classification | Fiction | Shahdara Branch | Shahdara Branch | 21/05/2009 | विज्ञान भारती/228/22.9.08/447/4.9.08/1.10.08 | 4 | उ अब्दुल्ला | B-297625 | 19/06/2025 | 150.00 | Hindi Books | 1 | 1 |
